| 000 | 00591nam a2200217 a 4500 | ||
|---|---|---|---|
| 001 | BRCA_8188 | ||
| 005 | 20190320210153.0 | ||
| 008 | 080514s1958----ru-a###f##---#000-0#rus-# | ||
| 041 | _arus | ||
| 044 | _aru | ||
| 050 | 4 |
_aND697 _b.P35 _c1958 |
|
| 245 | 1 | 0 |
_aPalekh _bthe art of soviet Palekh. |
| 260 |
_aMoscú _bSoetsky _c1958 |
||
| 300 |
_a54 p. _bil. a color, 36 láminas _c38 cm. |
||
| 500 | _aX101 | ||
| 650 | 1 | 4 |
_aPintura _zRusia _920407 |
| 650 | 1 | 4 |
_aDecoración y ornamentación _zRusia _920408 |
| 651 | 4 |
_aPalekh, Rusia _vArtes decorativas _920409 |
|
| 902 | _aGFM | ||
| 942 |
_2lcc _cB |
||
| 999 |
_c7856 _d7856 |
||